Govt. of
Madhya Pradesh

Museumas and Art Galleries (Record no. 7849)

MARC details
000 -LEADER
fixed length control field 003870000a22001570004500
003 - CONTROL NUMBER IDENTIFIER
control field MACL
005 - DATE AND TIME OF LATEST TRANSACTION
control field 20150825155604.0
008 - FIXED-LENGTH DATA ELEMENTS--GENERAL INFORMATION
fixed length control field 150825b xxu||||| |||| 00| 0 eng d
040 ## - CATALOGING SOURCE
Original cataloging agency MACL
Transcribing agency MACL
041 ## - LANGUAGE CODE
Language code of text/sound track or separate title English
082 ## - DEWEY DECIMAL CLASSIFICATION NUMBER
Classification number 708
245 ## - TITLE STATEMENT
Title Museumas and Art Galleries
260 ## - PUBLICATION, DISTRIBUTION, ETC. (IMPRINT)
Name of publisher, distributor, etc. Publicaton Division
Place of publication, distribution, etc. New Delhi
Date of publication, distribution, etc. 1957
650 ## - SUBJECT ADDED ENTRY--TOPICAL TERM
Topical term or geographic name as entry element Arts of Museumus
9 (RLIN) 7409
942 ## - ADDED ENTRY ELEMENTS (KOHA)
Koha item type Books
Call number prefix 708
Source of classification or shelving scheme
Holdings
Withdrawn status Lost status Source of classification or shelving scheme Damaged status Not for loan Home library Current library Date acquired Total Checkouts Full call number Barcode Date last seen Uniform Resource Identifier Price effective from Koha item type
          MACL MACL 15/04/2015   708 CRE001385 02/05/2024 7771 15/04/2015 Books